Les chaussures de foot de... - Statistiques

Statistiques générales
  • Ce quiz a été pris 74 fois
  • Le résultat moyen est 3 sur 12
Statistiques - réponses
Par images Réponse % Correct
Cristiano Ronaldo
82%
Neymar
73%
Kroos
69%
Antoine Griezmann
67%
Payet
63%
Lionel Messi
62%
Sancho
56%
Kylian Mbappé
55%
Rashford
45%
James Maddisson
43%
Alexander-Arnold
33%
Depay
27%
Sadio Mané
27%
Sergio Ramos
27%
Jack Grealish
24%
Gnarby
21%
Virgil Van Dijk
21%
Sterling
19%
Karim Benzema
14%
Kevin de Bruyne
14%
Lewandowski
14%
Salah
14%
Bukayo Saka
13%
Camavinga
13%
Dybala
13%
Kane
12%
Joao Felix
11%
Erling Halaand
10%
Havertz
8%
jude Bellingham
8%
Foden
7%
Leroy Sané
6%
Zinédine Zidane
6%
Paul Pogba
5%
Ansu Fati
0%
Aubameyang
0%
Aurélien Tcouaméni
0%
De Jong
0%
Fernandes
0%
Gavi
0%
Ibrahimovic
0%
Marcus Thuram
0%
Martial
0%
Pedri
0%
Aucun quiz correspondant
Distribution des résultats
% des personnes avec chaque résultat
Percentile par nombre de réponses
Votre historique - résultats
Vous n’avez pas pris ce quiz